01260nam a2200325Ia 4500001001200000003000800012006001900020007001500039008004100054020001800095020001500113040002100128035002000149050002400169245012900193246003700322250001700359260004800376300001700424504006600441533015200507650001800659651002200677655002900699700002800728700001800756710001700774856012600791999001700917ebr10278014CaPaEBRm u cr cn|||||||||970320s1997 nyu sb 001 0 eng d z9780195111408 z0195111400 aCaPaEBRcCaPaEBR a(OCoLC)7683552714aBF1591b.M35 1997eb00aMagika hierah[electronic resource] :bancient Greek magic and religion /cedited by Christopher A. Faraone and Dirk Obbink.30aAncient Greek magic and religion a1st pbk. ed. aNew York :bOxford University Press,c1997. axiii, 298 p. aIncludes bibliographical references (p. 277-283) and indexes. aElectronic reproduction.bPalo Alto, Calif. :cebrary,d2009.nAvailable via World Wide Web.nAccess may be limited to ebrary affiliated libraries. 0aMagic, Greek. 0aGreecexReligion. 7aElectronic books.2local1 aFaraone, Christopher A.1 aObbink, Dirk.2 aebrary, Inc.40uhttp://site.ebrary.com/lib/rucke/Doc?id=10278014zAn electronic book accessible through the World Wide Web; click to view c19015d19015